000 00688nam a2200193Ia 4500
005 20260429112327.0
008 260429s9999||||xx |||||||||||||| ||und||
020 _a9788180312045
041 _aHindi
082 _a891.430
_bGUP
100 _aगुप्ता, गणपतिचंद्र
245 0 _aहिंदी साहित्य का वैज्ञानिक इतिहास /
_cगणपतिचंद्र गुप्ता
250 _a13th ed.
260 _aप्रयागराज :
_bलोकभारती प्रकाशन,
_c2024.
300 _a504 p.; Hb
440 _vखंड -एक
650 _aHindi Literature
942 _cTB
999 _c53510
_d53510